200 Best Albums of the Last 25 Years (Pitchfork) - Statistics

General Stats
  • This quiz has been taken 286 times
  • The average score is 41 of 200
Answer Stats
Rank Artist Album % Correct
2 Radiohead OK Computer
77%
5 Kendrick Lamar To Pimp a Butterfly
70%
1 Radiohead Kid A
67%
127 Kanye West Graduation
65%
51 Kanye West The College Dropout
63%
6 Frank Ocean Blonde
61%
9 Kendrick Lamar good kid, m.A.A.d city
59%
3 Kanye West My Beautiful Dark Twisted Fantasy
59%
4 Radiohead In Rainbows
57%
42 Kendrick Lamar DAMN.
54%
36 Beyoncé Lemonade
53%
76 Kanye West The Life of Pablo
53%
138 Arctic Monkeys AM
52%
14 Frank Ocean Channel Orange
51%
48 Kanye West Late Registration
50%
13 Kanye West Yeezus
50%
119 Taylor Swift Red
49%
50 Lauryn Hill The Miseducation of Lauryn Hill
49%
16 Madvillain Madvillainy
47%
105 Taylor Swift 1989
46%
8 The Strokes Is This It
46%
46 Amy Winehouse Back to Black
45%
52 Tyler, The Creator IGOR
45%
130 Kanye West 808s & Heartbreak
43%
28 David Bowie Blackstar
42%
25 Tame Impala Currents
42%
98 Tyler, The Creator Flower Boy
41%
11 Neutral Milk Hotel In the Aeroplane Over the Sea
39%
68 Taylor Swift folklore
38%
12 Sufjan Stevens Illinois
38%
17 Lana Del Rey Norman F***ing Rockwell!
38%
81 Radiohead A Moon Shaped Pool
37%
65 Daft Punk Random Access Memories
37%
45 OutKast Stankonia
36%
107 Gorillaz Demon Days
34%
104 Jay-Z The Blueprint
34%
18 Sufjan Stevens Carrie & Lowell
33%
29 Daft Punk Discovery
33%
83 The White Stripes Elephant
33%
117 Gorillaz Plastic Beach
33%
38 OutKast Aquemini
32%
190 MF DOOM MM...FOOD
32%
146 Eminem The Marshall Mathers LP
32%
95 Radiohead Amnesiac
31%
40 Elliott Smith Either/Or
30%
7 Arcade Fire Funeral
30%
20 Lorde Melodrama
30%
94 Death Grips The Money Store
30%
41 Björk Vespertine
30%
113 Lorde Pure Heroine
29%
180 OutKast Speakerboxxx/The Love Below
29%
82 J Dilla Donuts
28%
23 Arcade Fire The Suburbs
28%
10 Wilco Yankee Hotel Foxtrot
28%
27 Bon Iver For Emma, Forever Ago
27%
110 Run the Jewels Run the Jewels 2
27%
101 Beyoncé Beyoncé
26%
121 Lana Del Rey Born to Die
26%
24 Fiona Apple Fetch the Bolt Cutters
26%
74 Weezer Pinkerton
26%
176 Radiohead Hail to the Thief
25%
86 D'Angelo Voodoo
25%
73 SZA CTRL
24%
59 Godspeed You! Black Emperor Lift Your Skinny Fists Like Antennas to Heaven
24%
15 LCD Soundsystem Sound of Silver
24%
161 Drake Take Care
24%
72 Vampire Weekend Vampire Weekend
24%
125 Danny Brown Atrocity Exhibition
23%
33 Bon Iver Bon Iver
23%
70 Massive Attack Mezzanine
23%
97 Queens of the Stone Age Songs for the Deaf
23%
178 Lady Gaga The Fame Monster
23%
99 Fiona Apple When the Pawn...
23%
137 Rihanna ANTI
22%
26 Björk Homogenic
22%
153 Lana Del Rey Ultraviolence
22%
173 Deftones White Pony
22%
56 Carly Rae Jepsen E•MO•TION
21%
39 Fleet Foxes Fleet Foxes
21%
32 The Avalanches Since I Left You
21%
96 The Microphones The Glow, Pt. 2
21%
22 Interpol Turn On the Bright Lights
21%
112 Car Seat Headrest Twin Fantasy
21%
64 DJ Shadow Endtroducing...
20%
129 my bloody valentine m b v
20%
79 Arctic Monkeys Whatever People Say I Am, That's What I'm Not
20%
78 The xx xx
20%
116 D'Angelo & The Vanguard Black Messiah
19%
30 Phoebe Bridgers Punisher
19%
60 Tame Impala Lonerism
18%
143 The Strokes Room on Fire
18%
91 Portishead Third
18%
37 LCD Soundsystem This is Happening
18%
44 Joanna Newsom Ys
18%
21 Vampire Weekend Modern Vampires of the City
16%
109 Beck Odelay
16%
69 Weyes Blood Titanic Rising
16%
150 A Tribe Called Quest We got it from Here...Thank You 4 Your service
16%
62 Kacey Musgraves Golden Hour
15%
19 Animal Collective Merriweather Post Pavilion
15%
187 Earl Sweatshirt Some Rap Songs
15%
159 Swans To Be Kind
15%
114 The Flaming Lips Yoshimi Battles the Pink Robots
15%
67 Boards of Canada Music Has the Right to Children
14%
47 Burial Untrue
14%
108 The Magnetic Fields 69 Love Songs
13%
71 Solange A Seat at the Table
13%
34 The National Boxer
13%
155 Vampire Weekend Contra
13%
175 Beach House Depression Cherry
13%
160 Arcade Fire Neon Bible
13%
31 Beach House Teen Dream
13%
103 The White Stripes White Blood Cells
13%
43 Beach House Bloom
12%
75 Fleet Foxes Helplessness Blues
12%
106 Charli xcx Pop 2
12%
154 Sufjan Stevens The Age of Adz
12%
169 Elliott Smith XO
12%
133 Mitski Be the Cowboy
11%
53 Belle and Sebastian If You're Feeling Sinister
11%
139 Bloc Party Silent Alarm
11%
61 Modest Mouse The Lonesome Crowded West
11%
85 Grimes Art Angels
10%
115 M.I.A. Kala
10%
77 FKA twigs MAGDALENE
10%
87 SOPHIE OIL OF EVERY PEARL's UN-INSIDES
10%
131 Animal Collective Strawberry Jam
10%
126 Deafheaven Sunbather
10%
49 Fiona Apple The Idler Wheel Is Wiser Than the Driver of the Screw and Whipping Cords Will Serve You More Than Ropes Will Ever Do
10%
35 The Flaming Lips The Soft Bulletin
10%
55 Sigur Rós Ágætis byrjun
9%
134 Yeah Yeah Yeahs Fever to Tell
9%
84 Joanna Newsom Have One on Me
9%
90 Father John Misty I Love You, Honeybear
9%
123 PJ Harvey Let England Shake
9%
200 Erykah Badu Mama's Gun
9%
167 Madonna Ray of Light
9%
182 Slowdive Slowdive
9%
141 Car Seat Headrest Teens of Denial
9%
196 Blur 13
8%
66 Bon Iver 22, A Million
8%
93 Robyn Body Talk
8%
198 Flying Lotus Cosmogramma
8%
57 The National High Violet
8%
197 James Blake James Blake
8%
80 Destroyer Kaputt
8%
151 FKA twigs LP1
8%
148 Mitski Puberty 2
8%
194 Arcade Fire Reflektor
8%
188 Janelle Monáe The ArchAndroid
8%
63 Modest Mouse The Moon & Antarctica
8%
157 Death Cab for Cutie Transatlanticism
8%
132 M83 Hurry Up, We're Dreaming
7%
92 Jamie xx In Colour
7%
54 The War on Drugs Lost in the Dream
7%
168 Aphex Twin Richard D. James Album
7%
158 Beck Sea Change
7%
145 Wilco Summerteeth
7%
128 Grimes Visions
7%
171 Jessie Ware What's Your Pleasure?
7%
147 Phoenix Wolfgang Amadeus Phoenix
7%
193 Air Moon Safari
6%
191 Purple Mountains Purple Mountains
6%
111 PJ Harvey Stories from the City, Stories from the Sea
6%
186 Bob Dylan Time Out of Mind
6%
179 The National Alligator
5%
118 Silver Jews American Water
5%
164 The Dismemberment Plan Emergency & I
5%
166 Animal Collective Feels
5%
124 The Postal Service Give Up
5%
58 Deerhunter Halcyon Digest
5%
140 Bright Eyes I'm Wide Awake, It's Morning
5%
89 Panda Bear Person Pitch
5%
100 The Knife Silent Shout
5%
174 Nick Cave & The Bad Seeds Skeleton Tree
5%
136 Courtney Barnett Sometimes I Sit and Think, and Sometimes I Just Sit
5%
170 Sleater-Kinney The Woods
5%
135 The National Trouble Will Find Me
5%
88 Broken Social Scene You Forgot It In People
5%
120 The War on Drugs A Deeper Understanding
4%
102 Yo La Tengo I Can Hear the Heart Beating as One
4%
152 Built to Spill Keep It Like a Secret
4%
142 Built to Spill Perfect from Now On
4%
184 Nick Cave & The Bad Seeds Push the Sky Away
4%
144 St. Vincent Strange Mercy
4%
122 Grizzly Bear Veckatimest
4%
181 Japandroids Celebration Rock
3%
185 Godspeed You! Black Emperor F♯ A♯ ∞
3%
177 Spoon Ga Ga Ga Ga Ga
3%
195 Bonnie "Prince" Billy I See a Darkness
3%
162 Titus Andronicus The Monitor
3%
183 Haim Women in Music Pt. III
3%
165 Yo La Tengo And Then Nothing Turned Itself Inside-Out
2%
149 Wolf Parade Apologies to the Queen Mary
2%
199 Dirty Projectors Bitte Orca
2%
192 Deerhunter Microcastle / Weird Era Cont.
2%
156 Angel Olsen My Woman
2%
189 TV on the Radio Return to Cookie Mountain
2%
163 Big Thief U.F.O.F.
2%
172 Waxahatchee Saint Cloud
1%
No matching quizzes found
Score Distribution
Percent of People with Each Score
Percentile by Number Answered
Your Score History
You have not taken this quiz